Worcester County, MA - Map Quiz - Statistics

General Stats
  • This quiz has been taken 135 times
  • The average score is 30 of 60
Answers on the Map
Answers color-coded by a green-red scale on the quiz's map according to % correct below.
 
Answer Stats
Answer % Correct
Ashburnham
66%
Royalston
66%
Athol
62%
Petersham
62%
Sturbridge
62%
Worcester
62%
Auburn
59%
Barre
59%
Harvard
59%
Hubbardston
59%
Leominster
59%
Rutland
59%
West Brookfield
59%
Winchendon
59%
Charlton
55%
Southborough
55%
Sterling
55%
Westborough
55%
Blackstone
52%
Brookfield
52%
Dudley
52%
Leicester
52%
North Brookfield
52%
Shrewsbury
52%
Warren
52%
Webster
52%
Boylston
48%
East Brookfield
48%
Fitchburg
48%
Holden
48%
Hopedale
48%
Lunenburg
48%
Millbury
48%
Millville
48%
Northborough
48%
Northbridge
48%
Oxford
48%
Paxton
48%
Phillipston
48%
Princeton
48%
Southbridge
48%
Spencer
48%
West Boylston
48%
Westminster
48%
Clinton
45%
Douglas
45%
Gardner
45%
Hardwick
45%
Mendon
45%
Milford
45%
New Braintree
45%
Templeton
45%
Upton
45%
Uxbridge
45%
Berlin
41%
Bolton
41%
Grafton
41%
Oakham
41%
Sutton
41%
Lancaster
38%
No matching quizzes found
Score Distribution
Percent of People with Each Score
Percentile by Number Answered
Your Score History
You have not taken this quiz